000 00922nam a2200277 c 4500
999 _c187509
_d187509
003 BLK
005 20220628085114.0
008 180411b bul|||||r ||||||| ||bul||
010 _aKNG00196522000
040 _aBLK
041 _aBUL
_cBUL
080 _aБългарска литература
_b821.163.2
_x-1
_z821.163.2-1
100 1 _aРусалиев, Владимир
_eпърви автор
_gПенков, Ангел Маринов
_9117419
139 _aРусалиев, Владимир
_bР 93
245 1 0 _aЛирика
_cВладимир Русалиев.
257 _aBGR
260 _bБълг. писател
_c1971
_aСофия
300 _a136 с., 1 л.
_bпортр.
_c22 см
380 _aX
500 _a1 100 тир.
852 _aЦб 59833
856 4 _qpdf
856 4 _qpdf
942 _cKNG
_n0
_s1
944 _aCR
_c18.11.2016
_kКина_Георгиева
944 _aED
_c18.11.2016
_kКина_Георгиева
999 _d187509